El siglo de la investigación criminal / (Record no. 134892)

MARC details
000 -LEADER
campo de control de longitud fija 00605nam a2200193 i 4500
001 - NÚMERO DE CONTROL
campo de control 134892
003 - IDENTIFICADOR DE NÚMERO DE CONTROL
campo de control ES-MaACL
005 - FECHA Y HORA DE LA ÚLTIMA TRANSACCIÓN
campo de control 20240430105749.0
007 - CAMPO FIJO DE DESCRIPCIÓN FÍSICA--INFORMACIÓN GENERAL
campo de control de longitud fija t|
008 - DATOS DE LONGITUD FIJA--INFORMACIÓN GENERAL
campo de control de longitud fija 070703s1966 sp ||||1| spa d
080 ## - NÚMERO DE LA CLASIFICACIÓN DECIMAL UNIVERSAL
Número de la Clasificación Decimal Universal 343.977.3"18/"19"
100 1# - ENTRADA PRINCIPAL--NOMBRE DE PERSONA
Nombre de persona Thorwald, Jürgen.
9 (RLIN) 110160
245 13 - MENCIÓN DEL TÍTULO
Título El siglo de la investigación criminal /
Mención de responsabilidad, etc. Jürgen Thorwald ; [traducción del alemán por Feliu Formosa].
260 ## - PUBLICACIÓN, DISTRIBUCIÓN, ETC.
Lugar de publicación, distribución, etc. Barcelona :
Nombre del editor, distribuidor, etc. Labor,
Fecha de publicación, distribución, etc. 1966.
300 ## - DESCRIPCIÓN FÍSICA
Extensión XX, 713 p. :
Otras características físicas il. ;
Dimensiones 22 cm.
700 1# - ENTRADA AGREGADA--NOMBRE PERSONAL
Nombre de persona Formosa, Feliu,
Fechas asociadas al nombre 1934-
9 (RLIN) 51759
852 ## - LOCALIZACIÓN
Ubicación ES-MaACL
Número de control de estantería G-5053
Sublocalización o colección R.60745
Holdings
Estatus retirado Estado de pérdida Estado de daño No para préstamo Biblioteca de origen Biblioteca actual Ubicación en estantería Fecha de adquisición Fuente de adquisición Total de préstamos Signatura topográfica completa Código de barras Visto por última vez Precio de reemplazo Tipo de ítem Koha
        Biblioteca del Ateneo de Madrid Biblioteca del Ateneo de Madrid Depósito 2 17/01/2008     G-5053 1140403 23/02/2023 23/02/2023 Libro impreso